000 00734nam a2200229Ii 4500
003 JO-AjNU
008 230605s9999||||xx |||||||||||||| ||und||
017 _a2004/2/372
020 _a9957-11-494-8
040 _aJO-AjNU
_bara
_erda
_cJO-AjNU
041 _aara
050 1 4 _aTS156.J626 2009
100 3 _aجودة، محفوظ احمد,
_eauthor
_933119
245 0 0 _aادارة الجودة الشاملة مفاهيم وتطبيقات
250 _aط5
264 3 1 _aعمان:دار وائل للنشر والتوزيع،2009
300 _a332ص
336 _atext
_btxt
_2rdacontent
337 _aunmediated
_bn
_2rdamedia
338 _avolume
_bnc
_2rdacarrier
650 4 _aالجودة-ادارة الاعمال
_933120
999 _aA13447
_c17015
_d17015